Saints to Feast Day - Statistics

General Stats
  • This quiz has been taken 64 times
  • The average score is 7 of 15
Answer Stats
Hint Answer % Correct
St. Patrick March 17
88%
St. Nicholas December 6
79%
Sts. Peter & Paul June 29
64%
St. Lucy December 13
63%
St. Joseph March 19
57%
St. Michael, St. Gabriel, & St. Raphael September 29
50%
St. Thomas Becket December 29
48%
St. Blaise February 3
48%
St. Francis October 4
48%
St. Thomas Aquinas January 28
32%
Sts. Philip & James Mary 3
29%
St. Elizabeth of Hungary November 17
29%
St. Luke October 18
29%
St. Anthony January 17
27%
St. Gregory the Great September 3
25%
No matching quizzes found
Score Distribution
Percent of People with Each Score
Percentile by Number Answered
Your Score History
You have not taken this quiz